| 000 | 00446cam a22001337a 4500 | ||
|---|---|---|---|
| 008 | 180718b1978 xxu||||| |||| 00| 0 eng d | ||
| 082 | _aF5x54 P886 | ||
| 100 | _aBrajkishore Prasad | ||
| 245 |
_aIndia regained: a dynastic rule and the '77 democratic revolution _cby Brajkishore Prasad |
||
| 260 |
_aNew Delhi _bOriental _c1978 |
||
| 300 | _a245p. | ||
| 650 | _aIndia --Social conditions --1947- | ||
| 650 | _aIndia --Politics and government --1947- | ||
| 999 |
_c351601 _d351601 |
||